书目信息 |
| 题名: |
驻颜美容吃什么
|
|
| 作者: | 尹秀芝 , 谢英彪 主编 | |
| 分册: | ||
| 出版信息: | 南京 河海大学出版社 1997.08 |
|
| 页数: | 232页 | |
| 开本: | 32开 | |
| 丛书名: | ||
| 单 册: | ||
| 中图分类: | R153.1 | |
| 科图分类: | ||
| 主题词: | 营养卫生 , 食品卫生 , 饮食卫生 , 食品卫生学 | |
| 电子资源: | ||
| ISBN: | 7-5630-1147-1 | |
| 000 | 00678nam0 2200241 45 | |
| 001 | 0008101524 | |
| 005 | 20000810151735.4 | |
| 010 | @a7-5630-1147-1@d8.00元 | |
| 100 | @a20000810d1997 km y0chiy0120 ea | |
| 101 | 0 | @achi |
| 105 | @a z 000yy | |
| 200 | 1 | @a驻颜美容吃什么@AZhu Yan Mei Rong Chi Shi Mo@f尹秀芝,谢英彪主编@FYin Xiu Zhi,Xie Ying Biao Zhu Bian |
| 210 | @a南京@c河海大学出版社@d1997.08 | |
| 215 | @a232页@d32开 | |
| 606 | 0 | @a营养卫生 |
| 606 | 0 | @a食品卫生 |
| 606 | 0 | @a饮食卫生 |
| 606 | 0 | @a食品卫生学 |
| 690 | @aR153.1@v3 | |
| 701 | 0 | @a尹秀芝@4主编 |
| 701 | 0 | @a谢英彪@4主编 |
| 801 | @aCN@bPftUser@c20000810 | |
| 905 | @b102134-137@dR153.1@eY980@f4 | |
| 驻颜美容吃什么/尹秀芝,谢英彪主编.-南京:河海大学出版社,1997.08 |
| 232页;32开 |
| ISBN 7-5630-1147-1:8.00元 |
| ● |
| 相关链接 |
|
|
|
正题名:驻颜美容吃什么
索取号:R153.1/Y980
 
预约/预借
| 序号 | 登录号 | 条形码 | 馆藏地/架位号 | 状态 | 备注 |
| 1 | 102134 | 201021349 | 自科库401/401自科库 102排1列1层/ [索取号:R153.1/Y980] | 在馆 | |
| 2 | 102135 | 201021358 | 自科库401/401自科库 102排1列1层/ [索取号:R153.1/Y980] | 在馆 | |
| 3 | 102136 | 201021367 | 自科库401/ [索取号:R153.1/Y980] | 在馆 | |
| 4 | 102137 | 201021376 | 自科库401/ [索取号:R153.1/Y980] | 在馆 |